000 02390nam a22003734a 4500
005 20100419140032.0
008 090227s2008 nyua 001 0 eng
010 _aB-362923-929
020 _a9780330508124
_c295.00
035 _aB-362923-929
037 _bPansy books
040 _adpl
_bEnglish
082 _a338.76102504
100 _aVise, David A.
245 _aThe Google story /
_cby David A. Vise with Mark Malseed
260 _aLondon
_bPan Macmillan
_c2005
270 _a20, New Wharf Road,
_bLondon
300 _axvii, 330 p. :
_bill. ;
_c24 cm(pbk)
500 _a"For Google's 10th birthday."
500 _aIncludes index.
610 _aGoogle (Firm)
650 _aBrowsers (Computer programs)
650 _aEntrepreneurship
_zUnited States.
700 _aMalseed, Mark
942 _2ddc
_cBN
_h338.76102504
_mDAV
999 _c35332
_d35332